| 000 | 00864nam a2200241 a 4500 | ||
|---|---|---|---|
| 001 | 000046286 | ||
| 003 | DO-SdBNP | ||
| 005 | 20230720102545.0 | ||
| 008 | 150715s1993 dr 000 0 spa d | ||
| 040 |
_aDO-SdBNP _bspa _cBPMSU |
||
| 041 | 1 | 7 |
_aspa _beng |
| 082 | 4 |
_a394.25 _bR918b 1993 _222 |
|
| 100 | 1 |
_aRueda Manuel _d1921-1999 |
|
| 245 | 1 | 0 |
_aBullas de carnaval y otros esperpentos / _cManuel Rueda. |
| 260 |
_aSanto Domingo : _b[s.e] _c1993. |
||
| 300 |
_a14 p. ; _c29 cm. |
||
| 500 | _aPalabras pronunciadas en la puesta en circulación del libro "Imagenes de carnaval" el 11 de noviembre de 1993, en Casa de Bastidas, Santo Domingo, República Domingo | ||
| 590 | _6Inventariado, 2023/VM | ||
| 650 | 4 |
_aCarnaval _zRepública Dominicana |
|
| 650 | 4 |
_aDías festivos _zRepública Dominicana |
|
| 910 | _aVMateo V. Control de calidad. BPMSU | ||
| 942 |
_2ddc _cBK |
||
| 999 |
_c14435 _d14435 |
||